Organizational Theory,Design and Change. (Record no. 350413)

000 -LEADER
fixed length control field 00593nam a2200241 4500
003 - CONTROL NUMBER IDENTIFIER
control field OSt
005 - DATE AND TIME OF LATEST TRANSACTION
control field 20180116183017.0
008 - FIXED-LENGTH DATA ELEMENTS--GENERAL INFORMATION
fixed length control field 151009b xxu||||| |||| 00| 0 eng d
020 ## - INTERNATIONAL STANDARD BOOK NUMBER
International Standard Book Number 9788131754160
022 ## - INTERNATIONAL STANDARD SERIAL NUMBER
International Standard Serial Number 9788131754160
040 ## - CATALOGING SOURCE
Transcribing agency 0
050 ## - LIBRARY OF CONGRESS CALL NUMBER
Classification number 302.35
082 ## - DEWEY DECIMAL CLASSIFICATION NUMBER
Classification number 302.35
100 ## - MAIN ENTRY--PERSONAL NAME
Personal name Jones,Gareth R.
245 ## - TITLE STATEMENT
Title Organizational Theory,Design and Change.
Statement of responsibility, etc. Gareth R.Jones
250 ## - EDITION STATEMENT
Edition statement 6th.
260 ## - PUBLICATION, DISTRIBUTION, ETC.
Place of publication, distribution, etc. New Delhi
Name of publisher, distributor, etc. Pearson.
Date of publication, distribution, etc. 2011
300 ## - PHYSICAL DESCRIPTION
Extent 543p.
500 ## - GENERAL NOTE
General note Paper Cover
600 ## - SUBJECT ADDED ENTRY--PERSONAL NAME
Personal name Jones,Gareth R.
700 ## - ADDED ENTRY--PERSONAL NAME
Personal name Jones,Gareth R.
942 ## - ADDED ENTRY ELEMENTS (KOHA)
Source of classification or shelving scheme
Koha item type Book
Call number prefix 302.35
Holdings
Withdrawn status Lost status Source of classification or shelving scheme Damaged status Not for loan Collection code Permanent Location Current Location Shelving location Date acquired Total Checkouts Full call number Barcode Date last seen Date last checked out Price effective from Koha item type
            Central Library (CL) Central Library (CL) General Stacks 10/09/2015 3 302.35 JON NBS9534 11/22/2017 07/20/2017 10/09/2015 Book
© 2023 Central Library, National University of Sciences and Technology. All Rights Reserved.